000 00828cam a2200277 i 4500
001 768714001
003 CO-MdFUSB
005 20240604105228.0
007 ta
008 240601t1960 -us||||| |||| 00| 0 spa d
040 _cCO-MdFUSB
041 0 _aspa
082 0 4 _224
_a234
_b W274p
100 1 _aWarfield, Benjamín Breckinridge (1851-1921)
_eautor
245 1 0 _aEl plan de la salvación
_c/ Benjamin B. Warfield ; traducido por Humberto Escobar
264 1 _bConfraternidad Calvinista Américana,
_aMéxico, D.F., México :
_c[1960]
264 4 _c©1960
300 _a95 Pag
336 _atexto
_btxt
_2rdacontent
337 _2rdamedia
_asin mediación
_bn
338 _2rdacarrier
_avolumen
_bnc
653 _aSoteriología
700 _aEscobar, Humberto,
_99859
_etraductor
942 _cBK
945 _aestudiante
999 _c34828
_d34828